[Event "Aalborg op"]
[Site "Aalborg"]
[Date "1994.??.??"]
[Round "4"]
[White "Sorensen, Torben"]
[Black "Boe, Mads"]
[Result "1/2-1/2"]
[WhiteElo "2285"]
[BlackElo "2300"]

1.e4 d6 2.d4 Nf6 3.Nc3 e5 4.dxe5 dxe5 5.Qxd8+ Kxd8 6.Bc4 Be6 7.Bxe6 fxe6
8.Be3 Nbd7 9.f3 Bc5 10.Kf2 Rf8 11.Bxc5  1/2-1/2

[Event "Aalborg op"]
[Site "Aalborg"]
[Date "1994.??.??"]
[Round "5"]
[White "Molvig, Henrik"]
[Black "Hansen, Carsten"]
[Result "1/2-1/2"]
[WhiteElo "2240"]
[BlackElo "2300"]

1.e4 d6 2.d4 Nf6 3.Nc3 e5 4.dxe5 dxe5 5.Qxd8+ Kxd8 6.Bg5 Be6 7.O-O-O+ Nd7
8.Nf3 Kc8 9.a3 a6 10.Nd2 Bc5 11.f3 b5 12.Nb3 Bxb3 13.cxb3 c6 14.b4 Be7 15.g3 Kc7
16.Be2 Rhe8 17.Rd2 Nf8 18.Bd1 Ne6 19.Be3 Rad8 20.f4 Rxd2 21.Bxd2 Bd6 22.Re1 Kd7
23.f5 Nd4 24.g4 Ke7  1/2-1/2

[Event "Alcobendas op"]
[Site "Alcobendas"]
[Date "1994.??.??"]
[Round "6"]
[White "Vera, Reynaldo"]
[Black "Damaso, Rui"]
[Result "1-0"]
[WhiteElo "2485"]
[BlackElo "2420"]

1.d4 d6 2.e4 Nf6 3.Nc3 c6 4.f4 Qa5 5.Bd2 Qb6 6.Nf3 Bg4 7.e5 Nd5 8.Bd3 e6
9.O-O Bxf3 10.Qxf3 Qxd4+ 11.Kh1 Nd7 12.Rae1 O-O-O 13.Re4 Qb6 14.Na4 Qc7 15.c4 dxe5
16.cxd5 exd5 17.Rxe5 Nxe5 18.fxe5 Be7 19.Bf4 Kb8 20.a3 Rhf8 21.b4 f6 22.e6 Bd6
23.Bxh7 Bxf4 24.Qxf4 Qxf4 25.Rxf4 Rfe8 26.Bf5 d4 27.Nb2 Rd5 28.h4 Kc7 29.Kh2 b6
30.Nd3 a5 31.Kg3 axb4 32.axb4 Kd6 33.Be4 Rb5 34.Bg6 Rxe6 35.Rxd4+ Ke7 36.Kf4 Rd6
37.Re4+ Re6 38.Rc4 Rd6 39.g4 Rbd5 40.Re4+ Re6 41.Rc4 Red6 42.Ke3 Rb5 43.Be4 Kd7
44.Bf5+ Kd8 45.h5 Ke8 46.Re4+ Kf8 47.Nf4  1-0

[Event "Altensteig-J"]
[Site "Altensteig"]
[Date "1994.??.??"]
[Round "?"]
[White "Huber, Armin"]
[Black "Schwarz, Michael"]
[Result "0-1"]
[WhiteElo "2305"]
[BlackElo "2390"]

1.e4 d6 2.d4 Nf6 3.Nc3 c6 4.g3 Nbd7 5.Bg2 e5 6.Nge2 b5 7.O-O Bb7 8.f3 Be7
9.Be3 O-O 10.Qd2 b4 11.Nd1 d5 12.exd5 Nxd5 13.Bf2 Ba6 14.Re1 Bg5 15.f4 exf4
16.gxf4 Be7 17.Bxd5 cxd5 18.Ng3 g6 19.f5 Nf6 20.Be3 Ne4 21.Nxe4 dxe4 22.Bh6 Re8
23.Ne3 Bh4 24.Kh1 Bxe1 25.Rxe1 Qh4 26.Ng2 e3 27.Rxe3 Bb7 28.d5 Qc4 29.Rd3 Bxd5
30.fxg6 hxg6 31.b3 Bxg2+ 32.Kxg2 Qg4+ 33.Kh1 Re2  0-1

[Event "Altensteig-J"]
[Site "Altensteig"]
[Date "1994.??.??"]
[Round "?"]
[White "Dubiel, Jacek"]
[Black "Maiwald, Jens Uwe"]
[Result "0-1"]
[WhiteElo "2395"]
[BlackElo "2490"]

1.e4 d6 2.d4 Nf6 3.Nc3 e5 4.Nge2 Nbd7 5.g3 g6 6.Bg2 Bg7 7.h3 O-O 8.Be3 c6
9.a4 Re8 10.O-O Qe7 11.Re1 a5 12.Qd2 b6 13.g4 Bb7 14.Ng3 Red8 15.Rad1 Ne8
16.f4 Nc7 17.dxe5 dxe5 18.f5 Nc5 19.Qf2 Bf8 20.Bf1 Ba6 21.Bxa6 N7xa6 22.Kg2 Rxd1
23.Rxd1 Rd8 24.f6 Qe8 25.Rd2 Nc7 26.Nf1 N7e6 27.Rxd8 Qxd8 28.Nd2 Nf4+ 29.Bxf4 exf4
30.e5 Ne6 31.Nce4 b5 32.axb5 cxb5 33.Nf3 a4 34.c3 Qd5 35.Qe2 h6 36.Kh2 Qa2
37.Qd2 Qb1 38.Nd6 Qf1 39.Nd4 Ng5 40.Qg2 Qe1 41.Nf3 Nxf3+ 42.Qxf3 Qxe5 43.Ne4 b4
44.Nd2 a3 45.Nc4 Qxf6 46.cxb4 a2 47.Qa3 Qd4 48.Qxa2 Qf2+ 49.Kh1 f3  0-1

[Event "Andorra op"]
[Site "Andorra"]
[Date "1994.??.??"]
[Round "4"]
[White "Dunnington, Angus J"]
[Black "Manouck, Thierry"]
[Result "1/2-1/2"]
[WhiteElo "2435"]
[BlackElo "2285"]

1.d4 d6 2.e4 Nf6 3.Nc3 Nbd7 4.f4 e5 5.Nf3 exd4 6.Qxd4 c6 7.Be3 d5 8.e5 Ng4
9.Bg1 Nh6 10.Qd2 Bb4 11.a3 Qa5 12.Nd4 Nc5 13.Rb1 Bxc3 14.Qxc3 Qxc3+ 15.bxc3 Ne4
16.c4 O-O 17.cxd5 Nc3 18.Rb3 Nxd5 19.g3 f6 20.exf6 Re8+ 21.Kd2 Nxf6 22.Bc4+ Kh8
23.Be3 Ne4+ 24.Kc1 Nd6 25.Be2 Ndf5 26.Nxf5 Nxf5 27.Bf3 Nxe3 28.Re1 Kg8 29.Rbxe3 Rxe3
30.Rxe3 Bd7 31.Rd3 Be8 32.Kd2 Kf8 33.Ke3 Rc8 34.Be4 h6 35.Bf5 Rc7 36.Kd4 c5+
37.Ke5 Ke7 38.Re3 Bc6 39.c4 a6 40.g4 b5 41.cxb5 axb5 42.g5 hxg5 43.fxg5 b4
44.axb4 cxb4 45.h4 Bd7 46.Kd5+ Kd8 47.Bg6 Rb7 48.h5 Rb5+ 49.Kd6 Rb6+ 50.Kc5  1/2-1/2

[Event "Andorra op"]
[Site "Andorra"]
[Date "1994.??.??"]
[Round "6"]
[White "Rausis, Igors"]
[Black "Manouck, Thierry"]
[Result "0-1"]
[WhiteElo "2485"]
[BlackElo "2285"]

1.d4 d6 2.e4 Nf6 3.Nc3 Nbd7 4.f4 e5 5.Nf3 exd4 6.Qxd4 c6 7.e5 dxe5 8.fxe5 Bc5
9.Qh4 Qe7 10.Bf4 Bb4 11.O-O-O Bxc3 12.exf6 Bxf6 13.Qg3 O-O 14.Bc4 Qb4 15.Bb3 Nc5
16.Bd6 Re8 17.Kb1 Bf5 18.Ne5 Bxe5 19.Bxe5 Bg6 20.Bc3 Qb5 21.h4 Ne4 22.Qf3 Nxc3+
23.Qxc3 Rad8 24.a4 Qh5 25.Rdg1 Be4 26.Qb4 h6 27.Rh3 Rd1+ 28.Rxd1 Qxd1+ 29.Ka2 Bxc2
30.Bxc2 Qxc2 31.Rc3 Re4  0-1

[Event "Andorra op"]
[Site "Andorra"]
[Date "1994.??.??"]
[Round "9"]
[White "Eslon, Jaan"]
[Black "Rausis, Igors"]
[Result "0-1"]
[WhiteElo "2435"]
[BlackElo "2485"]

1.d4 d6 2.e4 Nf6 3.Nc3 e5 4.Nf3 Nbd7 5.Bc4 Be7 6.O-O O-O 7.Re1 c6 8.a4 Qc7
9.Bf1 b6 10.b3 Bb7 11.Bb2 a6 12.Nb1 Rfe8 13.Nbd2 Bf8 14.c3 b5 15.Qc2 g6 16.c4 exd4
17.Nxd4 b4 18.g3 Bg7 19.Bg2 Re7 20.Ne2 Rae8 21.f3 Qb8 22.Nf1 d5 23.exd5 cxd5
24.cxd5 Nxd5 25.Bxg7 Kxg7 26.Rad1 Qa7+ 27.Kh1 Qf2 28.Nd4 Qxe1 29.Rxe1 Rxe1
30.Qd2 N7f6 31.Kg1 h6 32.h4 Nc3 33.Kh2 Ra1 34.Qd3 Nfd5 35.Qc4 Rc8 36.Qd3 Rd1
37.Nd2 Re8 38.Nc2 Re2 39.Qd4+ Kg8 40.Nxb4 Rdxd2  0-1

[Event "Aschach op"]
[Site "Aschach"]
[Date "1994.??.??"]
[Round "?"]
[White "Mahdi, Khaled"]
[Black "Modrova, Hana"]
[Result "1-0"]
[WhiteElo "2440"]
[BlackElo "2020"]

1.e4 d6 2.d4 Nf6 3.Nc3 c6 4.Nf3 Bg4 5.Be2 e6 6.O-O d5 7.Ne5 Bxe2 8.Qxe2 Qb6
9.Rd1 Be7 10.Ng4 Nbd7 11.Nxf6+ Nxf6 12.Rd3 O-O-O 13.exd5 Nxd5 14.Nxd5 Rxd5
15.c3 Bd6 16.Be3 Qc7 17.h3 h5 18.c4 Rf5 19.d5 Kb8 20.dxc6 Qxc6 21.Rad1 Rd8
22.Qd2 Kc7  1-0

[Event "Aschach op"]
[Site "Aschach"]
[Date "1994.??.??"]
[Round "?"]
[White "Jusic, Zdenko"]
[Black "Mikac, Matjaz"]
[Result "1/2-1/2"]
[WhiteElo "2345"]
[BlackElo "2410"]

1.e4 d6 2.d4 Nf6 3.Nc3 Nbd7 4.Bc4 e5 5.Nf3 Be7 6.O-O O-O 7.h3 c6 8.a4 Re8
9.a5 h6 10.Be3 Nxe4 11.Nxe4 d5 12.Nxe5 Nxe5 13.dxe5 dxc4 14.Qh5 Qd5 15.Nc3 Qe6
16.f4 Qf5 17.Qf3 Qxc2 18.f5 Qxb2 19.Rac1 Bb4 20.e6 f6 21.Rf2 Qa3 22.Ne4 Bxe6
23.fxe6 Rxe6 24.Qg4 f5 25.Qxf5 Rae8 26.Qf7+ Kh8 27.Bd4 Bf8 28.Rcf1 Rxe4 29.Rf6 Rxd4
30.Rxh6+ gxh6 31.Qxe8 Kg8 32.Qf7+ Kh8  1/2-1/2

[Event "Aschach op"]
[Site "Aschach"]
[Date "1994.??.??"]
[Round "?"]
[White "Mazi, Leon"]
[Black "Mikac, Matjaz"]
[Result "1/2-1/2"]
[WhiteElo "2365"]
[BlackElo "2410"]

1.e4 d6 2.d4 Nf6 3.Nc3 Nbd7 4.Nf3 e5 5.g3 Be7 6.Bg2 O-O 7.O-O c6 8.a4 Re8
9.Re1 Bf8 10.h3 b6 11.Bg5 Qc7 12.Qd2 a6 13.Rad1 b5 14.Nh4 h6 15.Be3 Nb6 16.b3 bxa4
17.dxe5 dxe5 18.Bxb6 Qxb6 19.Nxa4 Qb8 20.Re3 Be6 21.Nf5 Rd8 22.Rd3 Rxd3 23.Qxd3 Qb4
24.Qc3 Qxc3 25.Nxc3 g6 26.Ne3 Bc5 27.Rd3 Kf8 28.Na4 Bd4 29.Kf1 Ke7 30.Ke2 Rb8
31.Nf1 Nd7 32.Nd2 h5 33.Nf3 Ba7 34.Ng5 Nc5 35.Nxc5 Bxc5 36.Nxe6 fxe6 37.Rc3 Kd6
38.Rc4 Rb4 39.Rxb4 Bxb4 40.h4 a5 41.Kf3 Be1 42.Bf1 Ke7 43.Kg2 Bd2 44.Kh3 Be1
45.f3 Bf2 46.Be2 Be1 47.g4 c5 48.gxh5  1/2-1/2

[Event "AUT-chT2W 9495"]
[Site "Austria"]
[Date "1994.??.??"]
[Round "?.1"]
[White "Donev, Ivo Hristov"]
[Black "Poettinger, Harald"]
[Result "1/2-1/2"]
[WhiteElo "2405"]
[BlackElo "2165"]

1.e4 d6 2.d4 Nf6 3.Nc3 c6 4.a4 Nbd7 5.Nf3 e5 6.Bc4 Be7 7.O-O O-O 8.Ba2 Rb8
9.dxe5 dxe5 10.Be3 b6 11.Qe2 a6 12.Rad1 Qc7 13.Ng5 b5 14.f3 h6 15.Nh3 Nc5
16.axb5 axb5 17.Nf2 b4 18.Nb1 b3 19.Bxb3 Nxb3 20.cxb3 Rxb3 21.Rd2 Be6 22.Rc1 Qb7
23.Nd3 Nd7 24.Na3 Qa6 25.Kf2  1/2-1/2

[Event "AUT-chT2W 9495"]
[Site "Austria"]
[Date "1994.??.??"]
[Round "?.4"]
[White "Forster, Reinhard"]
[Black "Laske, Erich"]
[Result "1/2-1/2"]
[WhiteElo "1960"]
[BlackElo "1780"]

1.e4 d6 2.d4 Nf6 3.Nc3 c6 4.Nf3 Bg4 5.Be2 e6 6.O-O Be7 7.h3 Bh5 8.Re1 O-O
9.Bg5 Bxf3 10.Bxf6 Bxe2 11.Bxe7 Bxd1 12.Bxd8 Bxc2 13.Be7 Re8 14.Bxd6 Rd8
15.e5 Na6 16.Re3 Rd7 17.Rc1 Bg6 18.f3 Nc7 19.Bxc7 Rxc7 20.Nb5 Rd7 21.Nd6 Rad8
22.Rb3 Rc7 23.Rxb7 Rxb7 24.Nxb7 Rxd4 25.Rxc6 h5 26.Nd6 Rd1+ 27.Kh2 Rb1 28.Rc8+ Kh7
29.Rc7 Rxb2 30.Rxa7 Bd3 31.Kg3 Bf1 32.Nxf7 Rxg2+ 33.Kf4 Bc4 34.a4 Bd5 35.Ng5+ Kg6
36.h4 Rh2 37.Kg3 Rh1 38.a5 Rg1+ 39.Kf4 Rh1 40.Kg3 Rg1+ 41.Kh2 Re1 42.f4 Rh1+
43.Kg3 Rg1+ 44.Kf2 Rg4 45.Ke3 Rxh4 46.Re7 Rh1 47.a6 Ra1 48.a7  1/2-1/2

[Event "AUT-chT2W 9495"]
[Site "Austria"]
[Date "1994.??.??"]
[Round "?.4"]
[White "Maier, Peter"]
[Black "Laske, Erich"]
[Result "1-0"]
[WhiteElo "2040"]
[BlackElo "1780"]

1.d4 d6 2.e4 Nf6 3.Nc3 c6 4.Nf3 Bg4 5.Be2 e6 6.O-O Be7 7.Be3 O-O 8.Qd2 Bh5
9.h3 d5 10.e5 Nfd7 11.Nd1 c5 12.c3 Nc6 13.Nh2 Bxe2 14.Qxe2 Qb6 15.Qg4 Rfe8
16.Nf3 Rac8 17.Bg5 Bxg5 18.Nxg5 Rc7 19.Nf3 cxd4 20.cxd4 Nb4 21.Nc3 Nd3 22.Rab1 Rc4
23.Nxd5 Qd8 24.Ne3 Rb4 25.a3 N7xe5 26.Nxe5 Nxe5 27.Qg3 Rxd4 28.Qxe5 f6 29.Qb5 Re7
30.Rbd1 e5 31.Qb3+ Kh8 32.Nf5 Rxd1 33.Rxd1 Rd7 34.Rxd7 Qxd7 35.Ne3 g6 36.Qd5 Qc7
37.Nc4 Kg7 38.b3 a6 39.Qd6 Qf7 40.Qb6 Qd5 41.Nd6 Qd1+ 42.Kh2 Qd2 43.Qxb7+ Kh6
44.Nf7+ Kh5 45.Qf3+  1-0

[Event "AUT-chT2W 9495"]
[Site "Austria"]
[Date "1994.??.??"]
[Round "?.7"]
[White "Stein, Michael"]
[Black "Genduso, Carmelo"]
[Result "0-1"]
[WhiteElo "1760"]
[BlackElo "1895"]

1.e4 d6 2.d4 Nf6 3.Nc3 c6 4.Nf3 Bg4 5.h3 Bh5 6.Be3 e6 7.Bd3 Be7 8.Qe2 O-O
9.g4 Bg6 10.Nd2 d5 11.e5 Bxd3 12.Qxd3 Nfd7 13.Ne2 c5 14.c3 Nc6 15.h4 Rc8
16.g5 cxd4 17.cxd4 Nb4 18.Qb1 Nc2+ 19.Kf1 Qb6 20.Nc3 Qa6+ 21.Kg2 Nxa1 22.Qxa1 Qd3
23.h5 Nxe5 24.Rh3 Ng4 25.Bf4 Qxd4 26.Rf3 e5  0-1

[Event "AUT-ch"]
[Site "Austria"]
[Date "1994.??.??"]
[Round "1"]
[White "Stajcic, Nikola"]
[Black "Stuhlik, Marko"]
[Result "1-0"]
[WhiteElo "2350"]
[BlackElo "2230"]

1.d4 d6 2.e4 Nf6 3.Nc3 c6 4.a4 Qa5 5.Bd3 e5 6.Ne2 Be7 7.O-O Bg4 8.f3 Bh5
9.Be3 O-O 10.Qd2 Qc7 11.a5  1-0

[Event "AUT-ch"]
[Site "Austria"]
[Date "1994.??.??"]
[Round "3"]
[White "Brod, Manfred"]
[Black "Vodep, Otto"]
[Result "1/2-1/2"]
[WhiteElo "2255"]
[BlackElo "2205"]

1.e4 d6 2.d4 Nf6 3.Nc3 c6 4.f4 Qa5 5.Bd3 e5 6.Nf3 Bg4 7.Be3 d5 8.fxe5 Nxe4
9.O-O Nxc3 10.bxc3 Nd7 11.Qd2 h6 12.Nh4 Be6 13.g3 g5 14.Nf5 O-O-O 15.a4 Nb6
16.Rfb1 Nc4 17.Qe1 Rd7  1/2-1/2

[Event "AUT-ch"]
[Site "Austria"]
[Date "1994.??.??"]
[Round "4"]
[White "Klug, Robert"]
[Black "Steiner, Guenter"]
[Result "1-0"]
[WhiteElo "2105"]
[BlackElo "2225"]

1.e4 d6 2.d4 Nf6 3.Nc3 c6 4.f3 Nbd7 5.Be3 e5 6.Nge2 Be7 7.Qd2 Qa5 8.Ng3 exd4
9.Bxd4 Ne5 10.f4 Ng6 11.Be2 O-O 12.O-O Re8 13.Rad1 c5 14.Bxf6 Bxf6 15.Nd5 Bd8
16.c3 Ne7 17.Ne3 Qxa2 18.f5 Nc6 19.Ra1 Qb3 20.Ra3  1-0

[Event "AUT-chT"]
[Site "?"]
[Date "1994.??.??"]
[Round "?"]
[White "Plachetka, Jan"]
[Black "Mokry, Karel"]
[Result "1/2-1/2"]
[WhiteElo "2450"]
[BlackElo "2490"]

1.d4 d6 2.e4 Nf6 3.Nc3 c6 4.f4 Qa5 5.Bd3 e5 6.dxe5 dxe5 7.Nf3 Bg4 8.fxe5 Nfd7
9.O-O Nxe5 10.Kh1 Nbd7 11.Qe1 Bxf3 12.gxf3 Nxd3 13.cxd3 Nc5 14.Be3 Nxd3 15.Qe2 O-O-O
16.Rfd1 Qa6 17.a3 Be7 18.b4 Bf6 19.b5 Qa5 20.Rxd3 Rxd3 21.Qxd3 Qxc3 22.Qxc3 Bxc3
23.Rb1 Rd8 24.Bxa7 Be5 25.bxc6 bxc6 26.Rf1 Bf4 27.Rf2 Rd3 28.Bc5 Be3 29.Bxe3 Rxe3
30.a4 Ra3 31.h4 Rxa4 32.Kg2 h5 33.Kg3 Kd7 34.Rd2+ Ke7 35.Rc2 Kd6 36.Rd2+ Ke6
37.Rc2 Ra6 38.Kf4 g6 39.Rc3 Rb6 40.Rc2 Kd6 41.Rd2+ Kc7 42.Ke5 c5 43.Ra2 Kc6
44.Kf6 Rb7 45.Rc2 Rc7 46.e5 Kd5 47.Rd2+ Kc4 48.e6 fxe6 49.Kxg6 Kb3 50.Rd3+ Kb2
51.Rd6 c4 52.Kxh5 c3 53.Kg6 Kb3 54.Rxe6 c2 55.Re1 c1=Q 56.Rxc1 Rxc1 57.h5 Rg1+
58.Kf6 Rh1 59.f4 Kc4 60.f5 Kd5 61.Ke7 Ra1 62.Kf6 Ra6+ 63.Kg7 Ke5 64.h6 Ra7+
65.Kg6 Ra6+ 66.Kg7 Kxf5 67.h7 Ra7+ 68.Kh6 Rxh7+  1/2-1/2

[Event "AUT-chT"]
[Site "?"]
[Date "1994.??.??"]
[Round "?"]
[White "Chernin, Alexander"]
[Black "Jansa, Vlastimil"]
[Result "1-0"]
[WhiteElo "2615"]
[BlackElo "2500"]

1.d4 d6 2.e4 Nf6 3.Nc3 Nbd7 4.Be3 e5 5.Nge2 Ng4 6.Bc1 c6 7.a4 Be7 8.h3 Ngf6
9.g3 O-O 10.Bg2 b6 11.O-O a6 12.g4 Bb7 13.Ng3 exd4 14.Qxd4 d5 15.exd5 Nxd5
16.Nxd5 cxd5 17.Re1 Bc5 18.Qf4 f5 19.g5 g6 20.c3 b5 21.axb5 axb5 22.Rxa8 Qxa8
23.Be3 Qa7 24.Qc7 Rf7 25.Bxd5 Bxd5 26.Qxa7 Bxa7 27.Bxa7 Nf6 28.Bd4 Ne4 29.Nxe4 Bxe4
30.Ra1 b4 31.cxb4 Bf3 32.Kh2 Rd7 33.Bc3 Rd5 34.h4 Rd7 35.b5 Rb7 36.Ra5 Be2
37.Bd4 Rxb5 38.Ra8+ Kf7 39.Rh8 f4 40.Rxh7+ Ke6 41.Rg7 Kf5 42.Kh3 Bf1+ 43.Kh2 Kg4
44.Rxg6 Rd5 45.Bc3 Rd1 46.Re6 Kxh4 47.g6 Kg5 48.g7 Bc4 49.Re8  1-0

[Event "AUT-chT2S 9394"]
[Site "AUT"]
[Date "1994.??.??"]
[Round "?"]
[White "Meyer, Paul"]
[Black "Novacan, Marko"]
[Result "1-0"]
[WhiteElo "2240"]
[BlackElo "2320"]

1.e4 d6 2.d4 Nf6 3.Nc3 Nbd7 4.g3 e5 5.Nge2 g6 6.Bg2 Bg7 7.O-O O-O 8.h3 exd4
9.Nxd4 Nc5 10.b4 Ne6 11.Be3 Re8 12.Nb3 Nd7 13.Qe1 Nb6 14.f4 Nc4 15.Bf2 a5
16.Nxa5 Nxa5 17.bxa5 Rxa5 18.Qd2 b6 19.Rad1 Bb7 20.Rfe1 Nc5 21.Nd5 Bxd5 22.exd5 Rxa2
23.g4 Qa8 24.Rxe8+ Qxe8 25.Re1 Qd7 26.Bh4 Nb3 27.Qe2 Bd4+ 28.Kh2 Nc5 29.Qd1 Qa4
30.Re2 Bc3 31.Qc1 Qd4 32.f5 Ra1 33.Re8+ Kg7 34.f6+  1-0

[Event "AUT-chT2S 9394"]
[Site "AUT"]
[Date "1994.??.??"]
[Round "?"]
[White "Baumegger, Siegfried"]
[Black "Novacan, Marko"]
[Result "1/2-1/2"]
[WhiteElo "2280"]
[BlackElo "2210"]

1.e4 d6 2.d4 Nf6 3.Nc3 Nbd7 4.Bc4 e5 5.Nf3 Be7 6.O-O O-O 7.h3 c6 8.a4 a5
9.Be3 h6 10.Qd3 Qc7 11.Ba2 exd4 12.Bxd4 Ne5 13.Nxe5 dxe5 14.Qg3 Bd6 15.Be3 Nh5
16.Qf3 Nf4 17.Ne2 Nxe2+ 18.Qxe2 Qe7 19.Rfd1 Bc5 20.Rd3 Bxe3 21.Qxe3 Kh8 22.Rad1 f5
23.Rd6 Kh7 24.Qc5 Re8 25.Qc4 Rb8 26.Qf7 fxe4 27.Qg6+ Kh8 28.Qh5 Kh7 29.Qg6+ Kh8
30.Qh5 Kh7 31.Bf7 Rg8 32.Qg6+ Kh8 33.Bxg8  1/2-1/2

[Event "AUT-chT2S 9394"]
[Site "AUT"]
[Date "1994.??.??"]
[Round "?"]
[White "Horvath, Sandor"]
[Black "Mikac, Matjaz"]
[Result "1/2-1/2"]
[WhiteElo "2325"]
[BlackElo "2395"]

1.e4 d6 2.d4 Nf6 3.Nc3 Nbd7 4.Nf3 e5 5.Bc4 Be7 6.O-O O-O 7.dxe5 dxe5 8.Bg5 c6
9.a4 Qc7 10.Qe2 Nc5 11.Bh4 Ne6 12.Bg3 Bd6 13.Nd1 Nh5 14.c3 Nef4 15.Qc2 a5
16.Ne1 Bc5 17.Nd3 Ba7 18.Bxf4 exf4 19.Qe2 g6 20.Qf3 Bd7 21.e5 Rae8 22.Re1 Bb8
23.b4 axb4 24.cxb4 Qb6 25.Nc5 Qxb4 26.Qc3 Qxc3 27.Nxc3 Bc8 28.e6 fxe6 29.Nxe6 Bxe6
30.Rxe6 Rxe6 31.Bxe6+ Kh8 32.Rb1 Re8 33.Bg4 Nf6 34.Bf3 Be5 35.Ne4 Nxe4 36.Bxe4 Bd4
37.Bf3 Re7 38.Kf1 Kg7 39.Re1 Be5 40.g3 Kf6 41.gxf4 Bxf4 42.Rxe7 Kxe7 43.h3 Kd6
44.Bg4 Kc5 45.Ke2 Kd4 46.a5 Bc7 47.Bc8 Bxa5 48.Bxb7 c5 49.h4 c4 50.h5 gxh5
51.Ba6 c3 52.Bd3 h4 53.Bxh7 h3 54.Kf1 Bc7 55.Kg1  1/2-1/2

[Event "AUT-chT2S 9394"]
[Site "AUT"]
[Date "1994.??.??"]
[Round "?"]
[White "Orgler, Philipp"]
[Black "Wallner, Walter"]
[Result "1/2-1/2"]
[WhiteElo "2070"]
[BlackElo "2145"]

1.d4 Nf6 2.Nc3 d6 3.e4 Nbd7 4.Bg5 h6 5.Be3 e5 6.f3 c6 7.Bc4 Be7 8.Nge2 Qa5
9.Qd2 b5 10.Bb3 Nb6 11.O-O Nc4 12.Bxc4 bxc4 13.Rfd1 O-O 14.Nd5 Qd8 15.Nxe7+ Qxe7
16.dxe5 dxe5 17.Qa5 Nd7 18.Qc7 Qb4 19.b3 cxb3 20.axb3 a5 21.Rxd7 Bxd7 22.Qxd7 a4
23.bxa4 Rxa4 24.Rd1 Qc4 25.Qd3 Rfa8 26.Qxc4 Rxc4 27.c3 Ra2 28.Rd2 Rxd2 29.Bxd2 h5
30.Kf2 f6 31.Ke3 Kf7 32.h4 Ra4 33.Ng3 g6 34.Nh1 f5 35.Nf2 f4+ 36.Kd3 Ke6
37.Nh3 Ra1 38.Ng5+ Kf6 39.Nh3 Ke6 40.Ke2 Ra4 41.Kd3 Ra1 42.Kc4 Ra2 43.Kd3 Ra1
44.Bxf4 exf4 45.Nxf4+ Kf6 46.Kd4 Ra5 47.Nd3 Ra2 48.Nf4 Ra5 49.Nd3 Ra2 50.Nf4  1/2-1/2

[Event "EUCup Gr4"]
[Site "Balatonbereny"]
[Date "1994.??.??"]
[Round "?"]
[White "Almasi, Zoltan"]
[Black "Nikolaidis, Ioannis"]
[Result "1-0"]
[WhiteElo "2620"]
[BlackElo "2460"]

1.e4 d6 2.d4 Nf6 3.Nc3 c6 4.f4 d5 5.e5 Ng4 6.Bd3 Nh6 7.Nf3 f5 8.Ng5 e6 9.h3 Nf7
10.g4 Nxg5 11.fxg5 Bb4 12.a3 Be7 13.h4 c5 14.gxf5 exf5 15.dxc5 Bxc5 16.Qh5+ g6
17.Qf3 Be6 18.h5 Kf7 19.Bf4 Nc6 20.O-O-O Qa5 21.Nb5 Nd4 22.Nxd4 Bxd4 23.Bc4 Qb6
24.Bb3 a5 25.a4 Rac8 26.Qd3 Kg7 27.hxg6 hxg6 28.Rxh8 Kxh8 29.Kb1 Rc4 30.Qh3+ Kg7
31.Qh6+ Kf7 32.Qh7+ Kf8 33.Qh8+ Bg8 34.Qf6+ Ke8 35.Qxb6 Bxb6 36.Bxc4 dxc4
37.Rd6 Bc5 38.Rxg6 Bf7 39.Rh6 Bf8 40.e6  1-0

[Event "Balatonbereny op"]
[Site "Balatonbereny"]
[Date "1994.??.??"]
[Round "7"]
[White "Parkanyi, Attila"]
[Black "Ruck, Robert"]
[Result "1/2-1/2"]
[WhiteElo "2340"]
[BlackElo "2435"]

1.e4 d6 2.d4 Nf6 3.Nc3 Nbd7 4.Nf3 e5 5.Be2 c6 6.O-O Be7 7.h3 O-O 8.Be3 b5
9.a3 a6 10.Qd2 Bb7 11.Rad1 Re8 12.Bg5 Qc7 13.dxe5 dxe5 14.Nh4 h6 15.Bxf6 Nxf6
16.Nf5 Bf8 17.Qe3 Kh7 18.Qg3 g6 19.Ne3 h5 20.Kh1 Bh6 21.Qh4 Qe7 22.Qg3 Bc8
23.Qf3 Kg7 24.Kg1 Bf4 25.Rfe1 Nh7 26.Bf1 Ng5 27.Qe2 a5 28.h4 Ne6 29.g3 Nd4
30.Rxd4 exd4 31.Ned5 Qc5 32.b4 axb4 33.axb4 Qf8 34.gxf4 cxd5 35.Nxd5 Bb7
36.Qd3 Bxd5 37.Qxd4+ Kg8 38.Qxd5 Qxb4 39.Re3 Rad8 40.Qc6 Re6 41.Qc7 Rd1 42.Rd3 Rxd3
43.Bxd3 Qe1+ 44.Kg2 Qd1 45.Qd8+ Kg7 46.Qg5 b4 47.f5 Rc6 48.Qe3 Qg4+ 49.Kf1 gxf5
50.exf5 Qxh4 51.Qe5+ Qf6 52.Qg3+ Kh7 53.Qf3 h4 54.Qh5+ Kg7 55.Qg4+ Kh6 56.Qxb4 Rb6
57.Qe4 Rb1+ 58.Kg2 Qg5+ 59.Kh3 Kg7 60.Qe5+ Kg8 61.Qe8+ Kg7 62.Qe5+ Kh7 63.f6+ Kh6
64.Qe4 Qg6 65.Qf4+ Qg5 66.Qe4 Qg6 67.Qf4+  1/2-1/2

[Event "Oberliga Bayern9394"]
[Site "Bayern"]
[Date "1994.??.??"]
[Round "?"]
[White "Zellner, Richard"]
[Black "Goetz, Dieter"]
[Result "1-0"]
[WhiteElo "2200"]
[BlackElo "1975"]

1.e4 d6 2.d4 Nf6 3.Nc3 c6 4.f4 Qa5 5.e5 Ne4 6.Bd2 Nxd2 7.Qxd2 e6 8.Nf3 d5
9.Be2 Be7 10.O-O O-O 11.a3 c5 12.Nxd5 Qd8 13.Nxe7+ Qxe7 14.c3 Rd8 15.Qe3 cxd4
16.cxd4 Bd7 17.Bd3 Bc6 18.f5 exf5 19.Bxf5 Bd5 20.Be4 h6 21.Bxd5 Rxd5 22.Qb3 Rd7
23.Rae1 Qe6 24.Qxe6 fxe6 25.Kf2 Nc6 26.Ke3 Ne7 27.Ke4 Rc8 28.Rc1 Rdc7 29.Rxc7 Rxc7
30.Kd3 Nd5 31.Kd2 Rc8 32.Ne1 g5 33.Nd3 b6 34.Rc1 Rxc1 35.Nxc1 h5 36.Ne2 Kf7
37.Nc3 Nc7 38.Ke3 Kg6 39.Ke4 g4 40.d5 exd5+ 41.Nxd5 Ne8 42.Kf4 Ng7 43.Ne7+ Kf7
44.Nc8 Kg6 45.Nxa7 Ne6+ 46.Ke4 Nc5+ 47.Kd5 Kf5 48.Nc6 Kg6 49.e6 Kf6 50.e7 Kf7
51.Kd6 Ke8 52.Nb4 Ne4+ 53.Ke6 h4 54.Nd5  1-0

[Event "Regionalliga SO9495"]
[Site "Bayern"]
[Date "1994.??.??"]
[Round "1"]
[White "Deglmann, Ludwig"]
[Black "Kohout, Peter"]
[Result "0-1"]
[WhiteElo "1975"]
[BlackElo "2315"]

1.e4 d6 2.d4 Nf6 3.Nc3 c6 4.Bc4 d5 5.exd5 cxd5 6.Bb5+ Nc6 7.Nf3 Bg4 8.h3 Bxf3
9.gxf3 e6 10.Be3 Bb4 11.Qd3 O-O 12.Bxc6 bxc6 13.Rg1 Ne8 14.a3 Be7 15.Ne2 Rb8
16.b3 Qc7 17.Kf1 c5 18.c4 cxd4 19.Nxd4 dxc4 20.Qxc4 Qxc4+ 21.bxc4 Rc8 22.Ke2 Rxc4
23.Rgc1 Rxc1 24.Rxc1 Bxa3 25.Ra1 Bb2 26.Rxa7 Nf6 27.Nb5 Be5 28.f4 Bb8 29.Ra8 Nd5
30.Kf3 g6 31.Bc5 Bd6 32.Rxf8+ Bxf8 33.Bd4 Be7 34.Be3 Kg7 35.Nd4 Bf6 36.Ne2 Bb2
37.Ng3 Ba1 38.Ne4 Nf6 39.Nd6 Bb2 40.Nc4 Bc3 41.Bc5 Nd5 42.Be3 Ne7 43.Nd6 Nf5
44.Ne4 Bf6 45.Nd2 Kh6 46.Ne4 Be7 47.Nd2 Kh5 48.Kg2 Bf6 49.Ne4 Be7 50.Nd2 Nd6
51.Bd4 Nf5 52.Be3 h6 53.Ne4 g5 54.fxg5 hxg5 55.Bd2 Nh4+ 56.Kf1 Ng6 57.f3 Nh4
58.Ng3+ Kg6 59.Ke2 f5 60.Nf1 Bc5 61.Bc3 Bd6 62.Ne3 Kh5 63.Be1 Ng6 64.Ng2 Ne7
65.Bc3 Bg3 66.Bd2 Ng6 67.Bc1 Nh4 68.Kf1 Nxf3 69.Bb2 Be5 70.Bc1 Bd4 71.Ke2 Ng1+
72.Kd3 Bf2 73.h4 Bxh4 74.Be3 Nh3 75.Kd4 Bg3 76.Bd2 Kg4 77.Ne3+ Kf3 78.Nc4 g4
79.Bb4 Bf4 80.Ne5+ Bxe5+ 81.Kxe5 g3 82.Kxe6 f4 83.Kf5 g2 84.Bc5 Nf2  0-1

[Event "Oberliga Bayern9495"]
[Site "Bayern"]
[Date "1994.??.??"]
[Round "5"]
[White "Riefner, Edwin"]
[Black "Koenig, Dietrich"]
[Result "1/2-1/2"]
[WhiteElo "2230"]
[BlackElo "2255"]

1.e4 d6 2.d4 Nf6 3.Nc3 e5 4.dxe5 dxe5 5.Qxd8+ Kxd8 6.Bg5 c6 7.Bc4 Be6 8.Bxe6 fxe6
9.Nf3 Nd7 10.a3 Kc7 11.Bh4 Bd6 12.Rd1 h6 13.Ke2 g5 14.Bg3 g4 15.Nd2 b5 16.h3 Nh5
17.Nf1 gxh3 18.Rxh3 Ndf6 19.Nd2 Rhg8 20.Rdh1 Nxg3+ 21.Rxg3 Rxg3 22.fxg3 h5
23.Rf1 Rf8 24.Nd1 Kd7 25.Rf3 Ke7 26.Nf2 Rg8 27.Rc3 c5 28.a4 a6 29.axb5 axb5
30.Ra3 c4 31.Ra7+ Nd7 32.Rb7 Rb8 33.Rxb8 Nxb8 34.g4 hxg4 35.Nxg4 Nc6 36.c3 Kf7
37.b3 cxb3 38.Nxb3 Kg6 39.Nf2 Kg5 40.g3 b4 41.cxb4 Bxb4 42.Nc1 Bc5 43.Ncd3 Bb6
44.Kf3 Nd4+ 45.Kg2 Nc6 46.Ne1 Kg6 47.Nf3 Bd4 48.Nd3 Kf6 49.Kh3 Na5 50.Kh4 Nc4
51.Kh5 Kg7 52.Nxd4 exd4 53.e5 Nd2 54.Kg5 Nc4 55.Kf4 Nd2 56.Nc5 Kf7 57.g4 Nc4
58.Ke4 Ne3 59.g5 Nf5 60.Kf4 Ng7  1/2-1/2

[Event "JUG-chT Cup"]
[Site "Becici"]
[Date "1994.??.??"]
[Round "?"]
[White "Filipovic, Branko"]
[Black "Vasiljevic, Dragan"]
[Result "1-0"]
[WhiteElo "2405"]
[BlackElo "2385"]

1.e4 d6 2.d4 Nf6 3.Nc3 c6 4.f4 Qa5 5.Bd2 Qb6 6.e5 Nd5 7.Nf3 Bg4 8.Na4 Bxf3
9.gxf3 Qd8 10.c4 Nc7 11.Qb3 b6 12.O-O-O e6 13.Nc3 d5 14.f5 dxc4 15.Bxc4 b5
16.Bd3 Qxd4 17.fxe6 Nxe6 18.Nxb5 Qc5+ 19.Nc3 Nd7 20.Bc4 Be7 21.Bxe6 fxe6
22.Qxe6 Nxe5 23.Bf4 Nf7 24.Be3  1-0

[Event "JUG-chT Cup"]
[Site "Becici"]
[Date "1994.??.??"]
[Round "?"]
[White "Vujosevic, Vladimir"]
[Black "Piskov, Yury"]
[Result "1/2-1/2"]
[WhiteElo "2355"]
[BlackElo "2550"]

1.e4 d6 2.d4 Nf6 3.Nc3 c6 4.f3 d5 5.e5 Ng8 6.f4 h5 7.Nf3 Bf5 8.Bd3 Nh6 9.Be3 e6
10.Qd2 Nd7 11.Ne2 a6 12.O-O h4 13.b3 Bxd3 14.Qxd3 Nf5 15.c4 dxc4 16.bxc4 b5
17.Bf2 Nb6 18.Qe4 Rc8 19.c5 Nd5 20.g4 hxg3 21.hxg3 Nh6 22.Kg2 Ng4 23.Rh1 Rxh1
24.Rxh1 Qa5 25.Nc1 Qa3 26.Qd3 Qb2 27.Qe2 Qc3 28.Qd3 Qb2 29.Qe2 Qc3 30.Qd3  1/2-1/2